banner koha

Angiosperm Checklist of Espírito Santo: using electronic tools to improve the knowledge of an Atlantic Forest biodiversity hotspot (Registro n. 330546)

MARC details
000 -LÍDER
fixed length control field 02955nab a2200301 i 4500
003 - CÓDIGO MARC DA AGÊNCIA CATALOGADORA
Campo de controle BR-BrBNA
005 - DATA E HORA DA ÚLTIMA ATUALIZAÇÃO
Campo de controle 20250320090753.0
008 - CAMPO DE TAMANHO FIXO
fixed length control field 250320b2015 bl.qr|pooa||| 00| 0 eng |
040 ## - FONTE DA CATALOGAÇÃO
Agência catalogadora BR-BrBNA
Idioma da catalogação eng
072 ## - CATEGORIA AGRIS
Código AGRIS F70
072 ## - CATEGORIA AGRIS
Código AGRIS C30
100 ## - ENTRADA PRINCIPAL - NOME PESSOAL
Nome pessoal Dutra, Valquíria Ferreira
100 ## - ENTRADA PRINCIPAL - NOME PESSOAL
Nome pessoal Alves-Araújo, Anderson
100 ## - ENTRADA PRINCIPAL - NOME PESSOAL
Nome pessoal Carrijo, Tatiana Tavares
245 ## - TÍTULO PRINCIPAL
Título principal Angiosperm Checklist of Espírito Santo: using electronic tools to improve the knowledge of an Atlantic Forest biodiversity hotspot
500 ## - NOTA GERAL
Nota geral Publicação on-line; Bibliography p. 1148-1152 (95 ref.); 2 illus.; Summaries (En, Pt)
942 ## - ADDED ENTRY ELEMENTS (KOHA)
Koha item type Analítica
520 ## - NOTA DE RESUMO
Nota de conteúdo <br/><br/>Abstract<br/><br/>A checklist of angiosperm species for the state of Espírito Santo, Brazil is presented. A total of 6,204 native<br/>species was recorded, representing an increase of 16% in species richness for the area. Espírito Santo<br/>shelters 32% of the native species of Brazil’s Atlantic Forest and holds 516 endemic species (8.3% of the<br/>total registered taxa for the State). Bromeliaceae and Orchidaceae are the families with highest number of<br/>endemic species (142 spp. and 80 spp., respectively), followed by Myrtaceae (33 spp.), Melastomataceae<br/>(30 spp.), and Araceae (23 spp.). This paper represents an important landmark for future research in plant<br/>diversity in Espírito Santo, and highlights the importance of consulting online databases in order to update<br/>the knowledge presented by the Brazilian flora checklist.<br/><br/>Key words: Brazil, endemism, floristics, species richness, virtual herbarium.<br/><br/><br/><br/><br/><br/>Resumo<br/><br/>Uma listagem de angiospermas do estado do Espírito Santo é apresentada, incluindo um total de 6.204 espécies<br/>nativas, representando um aumento de 16% na riqueza de espécies registrada para o Estado. O Espírito Santo<br/>abriga 32% das espécies nativas da Floresta Atlântica e apresenta 516 espécies endêmicas (8.3% do total<br/>registrado para o Estado). As famílias Bromeliaceae e Orchidaceae apresentam o maior número de espécies<br/>endêmicas (142 spp. e 80 spp., respectivamente), seguidas por Myrtaceae (33 spp.), Melastomataceae (30 spp.)<br/>e Araceae (23 spp.). Os resultados representam um importante marco para futuras pesquisas em diversidade<br/>de plantas no Espírito Santo e destacam a importância de consultar as plataformas virtuais para atualização<br/>da Lista de Espécies da Flora do Brasil.<br/><br/>Palavras-chave: Brasil, endemismo, flora, herbários virtuais, riqueza de espécies.
650 ## - ASSUNTO - THESAGRO
Cabeçalho tópico ou nome geográfico FLORA
650 ## - ASSUNTO - THESAGRO
Cabeçalho tópico ou nome geográfico HERBÁRIO
650 ## - ASSUNTO - THESAGRO
Cabeçalho tópico ou nome geográfico ESPÉCIE
650 ## - ASSUNTO - THESAGRO
Cabeçalho tópico ou nome geográfico TAXONOMIA
650 ## - ASSUNTO - THESAGRO
Cabeçalho tópico ou nome geográfico BANCO DE DADOS
650 ## - ASSUNTO - THESAGRO
Cabeçalho tópico ou nome geográfico BRASIL
773 0# - ENTRADA ANALÍTICA
Host Biblionumber 709
Registro do item 349166
Imprenta Rio de Janeiro-RJ Jardim Botanico do Rio de Janeiro 1935
Outro identificador 2025-1685
Título Rodriguésia (Brazil)
ISSN 0370-6583; 2175-7860 on-line
Colação v. 66(4) p. 1145-1152; (2015)
Número de controle de registro BR2025000265
856 ## - ACESSO E ENDEREÇO ELETRÔNICO
Identificador uniforme de recurso - URI https://www.scielo.br/j/rod/a/fq8Hqw7ZVSKwKt8Jsvvc9NR/?format=pdf&lang=en

Nenhum exemplar disponível.

BINAGRI

Telefone: (61)3218-2567/2388/3357/2097 - binagri@agro.gov.br

Ministério da Agricultura e Pecuária , Esplanada dos Ministérios, Bloco D, Anexo B, Brasília/DF, CEP: 70.043-900